Re-pricing Risk in the Digital Economy: A Multi-wave Analysis of Technology Sector Volatility during COVID-19
Hodnotenie, ako pandémia COVID-19 zmenila dynamiku volatility v technologickom sektore kvantifikáciou správania sa rizika a výnosu vlny po vlne pomocou deskriptívnej štatistiky, vrátane štandardnej odchýlky, variačného koeficientu a špicatosti.
Salvato in:
| Autore principale: | |
|---|---|
| Altri autori: | , |
| Natura: | Capitolo di libro |
| Lingua: | inglese |
| Soggetti: | |
| Tags: |
Nessun Tag, puoi essere il primo ad aggiungerne!!
|
MARC
| LEADER | 00000naa a2200000 4500 | ||
|---|---|---|---|
| 001 | 0314669 | ||
| 005 | 20260303102620.3 | ||
| 041 | 0 | |a eng | |
| 044 | |a UA | ||
| 245 | 1 | 0 | |a Re-pricing Risk in the Digital Economy: A Multi-wave Analysis of Technology Sector Volatility during COVID-19 |c František Pollák, Kristián Kalamen, Roman Vavrek |
| 520 | |a Hodnotenie, ako pandémia COVID-19 zmenila dynamiku volatility v technologickom sektore kvantifikáciou správania sa rizika a výnosu vlny po vlne pomocou deskriptívnej štatistiky, vrátane štandardnej odchýlky, variačného koeficientu a špicatosti. | ||
| 610 | 2 | 0 | |a sektor technologický |
| 610 | 2 | 0 | |a investori |
| 610 | 2 | 0 | |a investovanie |
| 610 | 2 | 0 | |a volatilita |
| 610 | 2 | 0 | |a pandémia |
| 100 | 1 | |a Pollák, František, 1985- | |
| 700 | 1 | |a Kalamen, Kristián, 1996- | |
| 700 | 1 | |a Vavrek, Roman | |